| 000 | 00750nam a22002177a 4500 | ||
|---|---|---|---|
| 003 | OSt | ||
| 005 | 20240229073955.0 | ||
| 008 | 201016b 1993 00| 0 eng d | ||
| 040 |
_aDO-SdBNP _bspa _cBNPHU |
||
| 082 |
_axxxx _bM516d, 1993 |
||
| 100 | 1 |
_aMejía Soliere, Luis F., _e1892-1971. _976938 |
|
| 245 |
_aDe Lilís a Trujillo : _bhistoria contemporánea de la República Dominicana / _cLuis F. Mejía ; presentación Bernardo Vega. |
||
| 250 | _a3a ed. | ||
| 260 |
_aSanto Domingo : _bEditora de Santo Domingo, _c1993. |
||
| 300 |
_a353 p. ; _c23 cm. |
||
| 490 | 1 | _aCultura Dominicana | |
| 504 | _aBibliografía : p. 343 | ||
| 700 | 1 |
_aVega, Bernardo, _d1938 - _e presentación _93222 |
|
| 830 |
_aCultura Dominicana _91708 |
||
| 942 |
_2ddc _cLBS1 |
||
| 999 |
_c48909 _d48909 |
||